[Event "Ch France 2018 Féminin"]
[Site "?"]
[Date "2018.08.18"]
[Round "1.1"]
[White "Benmesbah, Natacha"]
[Black "Milliet, Sophie"]
[Result "1/2-1/2"]
[BlackElo "2389"]
[WhiteElo "2255"]
[LiveChessVersion "1.4.8"]

1. e4 {[%clk 1:30:57]} e5 {[%clk 1:30:55]} 2. Nf3 {[%clk 1:30:38]} Nc6
{[%clk 1:31:20]} 3. Bc4 {[%clk 1:30:39]} Nf6 {[%clk 1:31:42]} 4. d3
{[%clk 1:30:33]} h6 {[%clk 1:32:00]} 5. c3 {[%clk 1:28:01]} d6 {[%clk 1:32:21]}
6. b4 {[%clk 1:16:03]} g6 {[%clk 1:30:42]} 7. Qb3 {[%clk 1:15:29]} Qe7
{[%clk 1:30:36]} 8. a4 {[%clk 1:03:36]} Bg7 {[%clk 1:30:06]} 9. O-O
{[%clk 1:02:54]} O-O {[%clk 1:30:22]} 10. Re1 {[%clk 1:02:23]} Nh5
{[%clk 1:28:59]} 11. a5 {[%clk 0:45:36]} a6 {[%clk 1:17:03]} 12. h3
{[%clk 0:32:09]} g5 {[%clk 0:58:15]} 13. Qd1 {[%clk 0:25:13]} Nf4
{[%clk 0:56:47]} 14. Bxf4 {[%clk 0:25:38]} gxf4 {[%clk 0:57:03]} 15. d4
{[%clk 0:22:46]} Kh7 {[%clk 0:53:33]} 16. dxe5 {[%clk 0:21:27]} dxe5
{[%clk 0:53:47]} 17. Nbd2 {[%clk 0:21:32]} Rg8 {[%clk 0:51:17]} 18. Kh2
{[%clk 0:18:42]} Qf6 {[%clk 0:40:31]} 19. Qe2 {[%clk 0:16:10]} Bf8
{[%clk 0:39:07]} 20. Rg1 {[%clk 0:13:57]} Bd7 {[%clk 0:27:10]} 21. g3
{[%clk 0:14:10]} Bd6 {[%clk 0:25:26]} 22. Nh4 {[%clk 0:14:15]} Ne7
{[%clk 0:21:05]} 23. Ndf3 {[%clk 0:10:27]} Rg7 {[%clk 0:17:49]} 24. g4
{[%clk 0:10:24]} Rag8 {[%clk 0:07:25]} 25. Nf5 {[%clk 0:10:36]} Nxf5
{[%clk 0:07:52]} 26. gxf5 {[%clk 0:11:03]} Rxg1 {[%clk 0:03:20]} 27. Rxg1
{[%clk 0:11:28]} Rxg1 {[%clk 0:03:48]} 28. Kxg1 {[%clk 0:11:24]} c6
{[%clk 0:04:04]} 29. Qd3 {[%clk 0:11:05]} Be8 {[%clk 0:04:29]} 30. Kh2
{[%clk 0:07:12]} Bc7 {[%clk 0:04:42]} 31. Ne1 {[%clk 0:04:29]} Qh4
{[%clk 0:03:42]} 32. Qf3 {[%clk 0:04:02]} Bd6 {[%clk 0:03:03]} 33. Nd3
{[%clk 0:04:17]} Qe7 {[%clk 0:02:37]} 34. Qg4 {[%clk 0:04:16]} Qg5
{[%clk 0:02:18]} 35. Qxg5 {[%clk 0:03:09]} hxg5 {[%clk 0:02:47]} 36. Nc5
{[%clk 0:01:50]} Bxc5 {[%clk 0:03:09]} 37. bxc5 {[%clk 0:02:16]} Kg7
{[%clk 0:01:47]} 38. Kg2 {[%clk 0:02:24]} Kf8 {[%clk 0:00:43]} 39. f3
{[%clk 0:00:47]} Kg7 {[%clk 0:00:55]} 40. h4 {[%clk 0:00:52]} Kh6
{[%clk 0:00:50]} 41. hxg5+ {[%clk 0:01:09]} Kxg5 {[%clk 0:01:11]} 42. Kh3
{[%clk 0:00:48]} 1/2-1/2

[Event "Ch France 2018 Féminin"]
[Site "?"]
[Date "2018.08.18"]
[Round "1.2"]
[White "Leconte, Maria"]
[Black "Haussernot, Cecile"]
[Result "0-1"]
[BlackElo "2198"]
[WhiteElo "2224"]
[LiveChessVersion "1.4.8"]

1. e4 {[%clk 1:30:55]} e6 {[%clk 1:30:54]} 2. d4 {[%clk 1:30:38]} d5
{[%clk 1:31:19]} 3. Nc3 {[%clk 1:30:52]} Nf6 {[%clk 1:31:43]} 4. e5
{[%clk 1:30:06]} Nfd7 {[%clk 1:32:07]} 5. f4 {[%clk 1:30:21]} c5 {[%clk 1:32:31]}
6. Nf3 {[%clk 1:30:46]} Nc6 {[%clk 1:32:57]} 7. Be3 {[%clk 1:31:10]} Be7
{[%clk 1:33:09]} 8. Qd2 {[%clk 1:25:51]} O-O {[%clk 1:33:25]} 9. Be2
{[%clk 1:26:03]} b6 {[%clk 1:33:25]} 10. O-O {[%clk 1:25:45]} f5 {[%clk 1:31:04]}
11. Nd1 {[%clk 1:12:51]} cxd4 {[%clk 1:27:20]} 12. Nxd4 {[%clk 1:13:12]} Nxd4
{[%clk 1:26:49]} 13. Bxd4 {[%clk 1:13:35]} Nc5 {[%clk 1:24:59]} 14. Nf2
{[%clk 1:13:07]} Qc7 {[%clk 1:01:40]} 15. Qc3 {[%clk 1:02:50]} a5
{[%clk 0:55:30]} 16. a3 {[%clk 0:57:06]} Ba6 {[%clk 0:34:27]} 17. Bxa6
{[%clk 0:46:44]} Rxa6 {[%clk 0:32:28]} 18. b4 {[%clk 0:47:07]} Ra7
{[%clk 0:31:04]} 19. Rfd1 {[%clk 0:19:29]} Na4 {[%clk 0:22:13]} 20. Qb3
{[%clk 0:19:12]} Qc6 {[%clk 0:20:52]} 21. c3 {[%clk 0:05:53]} Rc7
{[%clk 0:18:08]} 22. Rdc1 {[%clk 0:06:08]} Rfc8 {[%clk 0:13:12]} 23. Nd1
{[%clk 0:06:32]} Qb5 {[%clk 0:12:58]} 24. Rab1 {[%clk 0:06:06]} axb4
{[%clk 0:12:15]} 25. axb4 {[%clk 0:06:29]} g5 {[%clk 0:12:24]} 26. g3
{[%clk 0:05:57]} gxf4 {[%clk 0:11:30]} 27. gxf4 {[%clk 0:03:10]} Bh4
{[%clk 0:11:46]} 28. Rc2 {[%clk 0:02:05]} Rg7+ {[%clk 0:11:27]} 29. Rg2
{[%clk 0:02:31]} Rxg2+ {[%clk 0:11:19]} 30. Kxg2 {[%clk 0:03:00]} Qe2+
{[%clk 0:11:40]} 31. Nf2 {[%clk 0:01:28]} Bxf2 {[%clk 0:07:46]} 32. Bxf2
{[%clk 0:01:57]} Qe4+ {[%clk 0:07:09]} 33. Kg1 {[%clk 0:02:16]} Nxc3
{[%clk 0:07:28]} 34. Re1 {[%clk 0:02:12]} Ne2+ {[%clk 0:07:18]} 35. Kf1
{[%clk 0:02:09]} Rc2 {[%clk 0:07:40]} 36. Bg3 {[%clk 0:01:08]} Kh8
{[%clk 0:07:04]} 37. Qa3 {[%clk 0:01:06]} Nxg3+ {[%clk 0:07:16]} 0-1

[Event "Ch France 2018 Féminin"]
[Site "?"]
[Date "2018.08.18"]
[Round "1.3"]
[White "Navrotescu, Andreea-C"]
[Black "Monpeurt, Cyrielle"]
[Result "1-0"]
[BlackElo "2175"]
[WhiteElo "2247"]
[LiveChessVersion "1.4.8"]

1. d4 {[%clk 1:30:57]} Nf6 {[%clk 1:30:44]} 2. c4 {[%clk 1:31:15]} e6
{[%clk 1:30:53]} 3. Nc3 {[%clk 1:31:36]} c5 {[%clk 1:31:08]} 4. d5
{[%clk 1:32:00]} exd5 {[%clk 1:31:31]} 5. cxd5 {[%clk 1:32:25]} d6
{[%clk 1:31:47]} 6. Nf3 {[%clk 1:32:45]} g6 {[%clk 1:31:48]} 7. Bf4
{[%clk 1:32:56]} a6 {[%clk 1:31:44]} 8. a4 {[%clk 1:33:15]} Qe7 {[%clk 1:31:28]}
9. h3 {[%clk 1:33:19]} Nbd7 {[%clk 1:31:42]} 10. e3 {[%clk 1:33:37]} Ne4
{[%clk 1:31:42]} 11. Nxe4 {[%clk 1:33:53]} Qxe4 {[%clk 1:32:06]} 12. Nd2
{[%clk 1:34:16]} Qb4 {[%clk 1:26:29]} 13. Bc4 {[%clk 1:27:20]} Be7
{[%clk 1:16:05]} 14. O-O {[%clk 1:22:04]} O-O {[%clk 1:12:34]} 15. b3
{[%clk 1:20:27]} g5 {[%clk 0:56:33]} 16. Bg3 {[%clk 1:16:29]} f5 {[%clk 0:56:16]}
17. f4 {[%clk 1:13:23]} Qc3 {[%clk 0:50:03]} 18. Rc1 {[%clk 0:56:07]} Qg7
{[%clk 0:41:39]} 19. fxg5 {[%clk 0:54:28]} Qxg5 {[%clk 0:34:43]} 20. Qe1
{[%clk 0:43:39]} Kh8 {[%clk 0:30:36]} 21. Nf3 {[%clk 0:39:37]} Qg7
{[%clk 0:29:48]} 22. Rc2 {[%clk 0:33:38]} Nf6 {[%clk 0:28:09]} 23. Bh4
{[%clk 0:28:26]} Ne4 {[%clk 0:24:52]} 24. Bxe7 {[%clk 0:28:35]} Qxe7
{[%clk 0:25:18]} 25. Qh4 {[%clk 0:28:17]} Qxh4 {[%clk 0:22:42]} 26. Nxh4
{[%clk 0:28:46]} Bd7 {[%clk 0:23:03]} 27. a5 {[%clk 0:29:02]} Rae8
{[%clk 0:22:49]} 28. Kh2 {[%clk 0:18:36]} Kg7 {[%clk 0:20:03]} 29. Bd3
{[%clk 0:16:56]} Re5 {[%clk 0:18:31]} 30. Nf3 {[%clk 0:14:01]} Re7
{[%clk 0:18:57]} 31. Nh4 {[%clk 0:04:17]} Re5 {[%clk 0:19:21]} 32. Rf4
{[%clk 0:01:11]} Rxd5 {[%clk 0:16:25]} 33. Bxe4 {[%clk 0:01:31]} fxe4
{[%clk 0:16:45]} 34. Rxe4 {[%clk 0:01:48]} Rd3 {[%clk 0:14:31]} 35. b4
{[%clk 0:01:45]} d5 {[%clk 0:05:16]} 36. Re7+ {[%clk 0:01:28]} Rf7
{[%clk 0:05:42]} 37. Rxf7+ {[%clk 0:01:12]} Kxf7 {[%clk 0:06:08]} 38. Rxc5
{[%clk 0:01:22]} Bc6 {[%clk 0:05:26]} 39. Nf5 {[%clk 0:01:25]} Ke6
{[%clk 0:04:44]} 40. g4 {[%clk 0:00:57]} Rd2+ {[%clk 0:02:22]} 41. Kg3
{[%clk 0:29:40]} Rb2 {[%clk 0:32:47]} 42. Kf4 {[%clk 0:22:29]} Rxb4+
{[%clk 0:31:53]} 43. Nd4+ {[%clk 0:20:19]} Kd6 {[%clk 0:27:48]} 44. Rc3
{[%clk 0:21:07]} Ra4 {[%clk 0:18:32]} 45. Kg5 {[%clk 0:21:04]} Rxa5
{[%clk 0:17:17]} 46. Kh6 {[%clk 0:20:52]} Ra1 {[%clk 0:16:51]} 47. h4
{[%clk 0:13:00]} Bd7 {[%clk 0:13:02]} 48. g5 {[%clk 0:11:45]} Rh1
{[%clk 0:13:17]} 49. Kxh7 {[%clk 0:10:13]} Rxh4+ {[%clk 0:13:42]} 50. Kg7
{[%clk 0:10:39]} Rg4 {[%clk 0:08:19]} 51. Kf6 {[%clk 0:10:55]} Rg2
{[%clk 0:05:47]} 52. Ra3 {[%clk 0:04:09]} Bc8 {[%clk 0:03:12]} 53. g6
{[%clk 0:03:20]} Rf2+ {[%clk 0:01:52]} 54. Kg7 {[%clk 0:03:25]} b5
{[%clk 0:01:45]} 55. Ra1 {[%clk 0:03:41]} Rg2 {[%clk 0:01:03]} 56. Rf1
{[%clk 0:03:44]} b4 {[%clk 0:00:46]} 57. Rf6+ {[%clk 0:02:16]} Ke7
{[%clk 0:00:42]} 58. Nc6+ {[%clk 0:02:34]} Kd7 {[%clk 0:00:46]} 59. Nxb4
{[%clk 0:02:57]} a5 {[%clk 0:00:38]} 60. Nxd5 {[%clk 0:03:18]} Bb7
{[%clk 0:00:43]} 61. Nf4 {[%clk 0:03:02]} Rg3 {[%clk 0:00:58]} 62. Rf7+
{[%clk 0:02:22]} Kc8 {[%clk 0:01:09]} 63. Rf5 {[%clk 0:01:28]} Be4
{[%clk 0:00:42]} 64. Re5 {[%clk 0:01:38]} Bb1 {[%clk 0:00:31]} 65. Kf6
{[%clk 0:01:41]} a4 {[%clk 0:00:43]} 66. g7 {[%clk 0:01:29]} a3 {[%clk 0:00:45]}
67. Ra5 {[%clk 0:01:56]} a2 {[%clk 0:00:49]} 68. Kf7 {[%clk 0:02:12]} Bh7
{[%clk 0:00:59]} 69. Nd5 {[%clk 0:01:48]} Rf3+ {[%clk 0:00:31]} 70. Nf6
{[%clk 0:01:52]} Rf2 {[%clk 0:00:38]} 71. Ke7 {[%clk 0:02:09]} Rg2
{[%clk 0:00:34]} 72. Kf7 {[%clk 0:02:20]} Rf2 {[%clk 0:00:33]} 73. e4
{[%clk 0:02:31]} Kc7 {[%clk 0:00:45]} 74. e5 {[%clk 0:02:53]} Kb6
{[%clk 0:00:50]} 75. Rxa2 {[%clk 0:02:25]} 1-0

[Event "Ch France 2018 Féminin"]
[Site "?"]
[Date "2018.08.18"]
[Round "1.4"]
[White "Afraoui, Anaelle"]
[Black "Guichard, Pauline"]
[Result "0-1"]
[BlackElo "2365"]
[WhiteElo "2041"]
[LiveChessVersion "1.4.8"]

1. e4 {[%clk 1:30:56]} e5 {[%clk 1:30:55]} 2. Nf3 {[%clk 1:31:13]} Nc6
{[%clk 1:31:20]} 3. Nc3 {[%clk 1:31:14]} Nf6 {[%clk 1:31:29]} 4. Bb5
{[%clk 1:31:21]} Bb4 {[%clk 1:30:02]} 5. O-O {[%clk 1:31:29]} O-O
{[%clk 1:28:47]} 6. d3 {[%clk 1:30:58]} d6 {[%clk 1:28:36]} 7. Bg5
{[%clk 1:29:56]} Ne7 {[%clk 1:26:43]} 8. Nh4 {[%clk 1:26:06]} Bxc3
{[%clk 1:18:34]} 9. bxc3 {[%clk 1:26:03]} c6 {[%clk 1:18:50]} 10. Bxf6
{[%clk 1:17:49]} cxb5 {[%clk 1:14:50]} 11. Bg5 {[%clk 1:13:33]} f6
{[%clk 1:15:02]} 12. Bd2 {[%clk 1:09:45]} g5 {[%clk 1:12:02]} 13. Nf3
{[%clk 1:08:39]} Bg4 {[%clk 1:12:23]} 14. a4 {[%clk 1:04:01]} bxa4
{[%clk 1:10:44]} 15. Rxa4 {[%clk 1:01:38]} Qd7 {[%clk 1:11:02]} 16. Ra3
{[%clk 0:58:05]} Kh8 {[%clk 0:59:13]} 17. Qe2 {[%clk 0:54:16]} f5
{[%clk 0:53:26]} 18. h3 {[%clk 0:46:21]} fxe4 {[%clk 0:44:59]} 19. hxg4
{[%clk 0:44:18]} exf3 {[%clk 0:45:20]} 20. gxf3 {[%clk 0:43:56]} h6
{[%clk 0:45:40]} 21. Qe4 {[%clk 0:40:20]} Rf6 {[%clk 0:44:33]} 22. d4
{[%clk 0:34:35]} Nc6 {[%clk 0:35:07]} 23. dxe5 {[%clk 0:26:35]} d5
{[%clk 0:32:48]} 24. Qe2 {[%clk 0:20:07]} Re8 {[%clk 0:32:48]} 25. Be3
{[%clk 0:17:49]} Rxe5 {[%clk 0:29:33]} 26. Rd1 {[%clk 0:16:57]} Re8
{[%clk 0:25:12]} 27. c4 {[%clk 0:10:11]} Qe7 {[%clk 0:18:39]} 28. cxd5
{[%clk 0:07:40]} Qxa3 {[%clk 0:12:34]} 29. dxc6 {[%clk 0:08:04]} bxc6
{[%clk 0:12:52]} 30. Qc4 {[%clk 0:07:51]} c5 {[%clk 0:09:36]} 31. Rd3
{[%clk 0:04:09]} Qb4 {[%clk 0:03:57]} 32. Qxb4 {[%clk 0:02:52]} cxb4
{[%clk 0:04:22]} 33. Bd4 {[%clk 0:02:50]} Kg7 {[%clk 0:03:05]} 34. Rb3
{[%clk 0:02:00]} a5 {[%clk 0:03:12]} 35. c3 {[%clk 0:01:41]} Rb8 {[%clk 0:03:22]}
36. cxb4 {[%clk 0:01:25]} axb4 {[%clk 0:02:27]} 37. Kf1 {[%clk 0:00:56]} Kg6
{[%clk 0:02:28]} 38. Bxf6 {[%clk 0:01:23]} Kxf6 {[%clk 0:02:54]} 39. Ke2
{[%clk 0:01:40]} Ke5 {[%clk 0:03:03]} 40. Ke3 {[%clk 0:01:36]} Rb7
{[%clk 0:02:46]} 41. Kd3 {[%clk 0:25:34]} Kd5 {[%clk 0:29:26]} 42. Kc2
{[%clk 0:21:15]} Rc7+ {[%clk 0:21:34]} 43. Kb2 {[%clk 0:15:48]} Kc4
{[%clk 0:14:51]} 44. Re3 {[%clk 0:13:40]} Rd7 {[%clk 0:10:20]} 45. Kc2
{[%clk 0:11:49]} Rf7 {[%clk 0:05:24]} 46. Kb2 {[%clk 0:07:22]} Rf8
{[%clk 0:04:19]} 47. Kc2 {[%clk 0:06:21]} Rf6 {[%clk 0:04:13]} 48. Kb2
{[%clk 0:05:43]} Ra6 {[%clk 0:04:20]} 49. Re4+ {[%clk 0:04:47]} Kd3
{[%clk 0:03:57]} 50. Kb3 {[%clk 0:01:48]} Rb6 {[%clk 0:02:35]} 51. Re3+
{[%clk 0:02:06]} Kd2 {[%clk 0:02:51]} 52. Re4 {[%clk 0:01:28]} Rf6
{[%clk 0:02:04]} 53. Re3 {[%clk 0:00:50]} Rf4 {[%clk 0:01:53]} 54. Kb2
{[%clk 0:00:55]} Rc4 {[%clk 0:01:57]} 55. Re6 {[%clk 0:00:51]} Rc2+
{[%clk 0:02:18]} 56. Kb1 {[%clk 0:00:36]} Rc1+ {[%clk 0:02:02]} 57. Kb2
{[%clk 0:01:01]} Rc2+ {[%clk 0:01:06]} 58. Kb1 {[%clk 0:01:22]} Rc3
{[%clk 0:01:31]} 59. Rxh6 {[%clk 0:00:39]} Rb3+ {[%clk 0:01:58]} 60. Ka2
{[%clk 0:00:41]} Rxf3 {[%clk 0:02:22]} 61. Rd6+ {[%clk 0:00:47]} Kc2
{[%clk 0:02:18]} 62. Rc6+ {[%clk 0:00:45]} Rc3 {[%clk 0:02:42]} 63. Rxc3+
{[%clk 0:00:32]} bxc3 {[%clk 0:03:05]} 64. f4 {[%clk 0:00:56]} Kd2
{[%clk 0:03:24]} 65. fxg5 {[%clk 0:01:17]} c2 {[%clk 0:03:50]} 0-1

[Event "Ch France 2018 Féminin"]
[Site "?"]
[Date "2018.08.18"]
[Round "1.5"]
[White "Bollengier, Andreea"]
[Black "Safranska, Anda"]
[Result "0-1"]
[BlackElo "2193"]
[WhiteElo "2219"]
[LiveChessVersion "1.4.8"]

1. e4 {[%clk 1:30:55]} Nc6 {[%clk 1:30:47]} 2. d4 {[%clk 1:31:07]} d5
{[%clk 1:31:12]} 3. e5 {[%clk 1:30:01]} Bf5 {[%clk 1:31:35]} 4. c3
{[%clk 1:28:05]} f6 {[%clk 1:30:48]} 5. Nf3 {[%clk 1:21:33]} Qd7 {[%clk 1:22:46]}
6. Bb5 {[%clk 1:13:29]} e6 {[%clk 1:12:19]} 7. Nbd2 {[%clk 1:06:20]} a6
{[%clk 1:05:01]} 8. Ba4 {[%clk 0:53:36]} Nge7 {[%clk 1:01:24]} 9. exf6
{[%clk 0:37:09]} gxf6 {[%clk 1:01:43]} 10. Nh4 {[%clk 0:37:33]} O-O-O
{[%clk 0:59:25]} 11. Qe2 {[%clk 0:29:15]} Bg6 {[%clk 0:51:24]} 12. Nb3
{[%clk 0:25:39]} Nf5 {[%clk 0:50:16]} 13. Nxg6 {[%clk 0:26:05]} hxg6
{[%clk 0:50:40]} 14. Na5 {[%clk 0:24:32]} b5 {[%clk 0:44:34]} 15. Nxc6
{[%clk 0:24:57]} Qxc6 {[%clk 0:45:00]} 16. Bc2 {[%clk 0:24:33]} Kb7
{[%clk 0:35:57]} 17. Bf4 {[%clk 0:14:45]} g5 {[%clk 0:34:59]} 18. Be3
{[%clk 0:14:40]} Bd6 {[%clk 0:29:19]} 19. g3 {[%clk 0:10:54]} Nxe3
{[%clk 0:22:47]} 20. Qxe3 {[%clk 0:11:19]} e5 {[%clk 0:22:23]} 21. dxe5
{[%clk 0:10:16]} Bxe5 {[%clk 0:20:34]} 22. O-O-O {[%clk 0:10:36]} d4
{[%clk 0:16:23]} 23. Qe2 {[%clk 0:08:34]} Ka7 {[%clk 0:12:13]} 24. cxd4
{[%clk 0:07:25]} Rxd4 {[%clk 0:10:33]} 25. Kb1 {[%clk 0:07:13]} Rhd8
{[%clk 0:06:48]} 26. Rhe1 {[%clk 0:06:13]} Qc5 {[%clk 0:06:16]} 27. Bb3
{[%clk 0:03:07]} Qb4 {[%clk 0:04:11]} 28. Rxd4 {[%clk 0:02:48]} Rxd4
{[%clk 0:04:24]} 29. Rd1 {[%clk 0:02:58]} a5 {[%clk 0:03:54]} 30. Rxd4
{[%clk 0:02:57]} Bxd4 {[%clk 0:04:11]} 31. Bd1 {[%clk 0:02:00]} a4
{[%clk 0:04:20]} 32. a3 {[%clk 0:02:17]} Qc5 {[%clk 0:04:42]} 33. f4
{[%clk 0:02:21]} gxf4 {[%clk 0:04:35]} 34. gxf4 {[%clk 0:02:50]} Be3
{[%clk 0:03:12]} 35. Bc2 {[%clk 0:01:49]} Bxf4 {[%clk 0:02:57]} 36. Be4
{[%clk 0:02:17]} Be5 {[%clk 0:01:25]} 37. h3 {[%clk 0:02:34]} Qd4
{[%clk 0:01:27]} 38. Bg2 {[%clk 0:02:36]} Kb6 {[%clk 0:01:50]} 39. Qc2
{[%clk 0:02:45]} c5 {[%clk 0:02:09]} 40. Bh1 {[%clk 0:01:56]} Qg1+
{[%clk 0:00:59]} 41. Qc1 {[%clk 0:02:25]} Qh2 {[%clk 0:00:50]} 42. Ba8
{[%clk 0:00:38]} Qxh3 {[%clk 0:30:27]} 43. Qd1 {[%clk 0:27:06]} Bd4
{[%clk 0:23:23]} 44. Qe2 {[%clk 0:25:43]} Qd7 {[%clk 0:21:59]} 45. Qg2
{[%clk 0:08:57]} Be5 {[%clk 0:20:37]} 46. Ka2 {[%clk 0:04:01]} Ka5
{[%clk 0:17:24]} 47. Bd5 {[%clk 0:03:47]} Kb6 {[%clk 0:09:02]} 48. Qg8
{[%clk 0:02:34]} Kc7 {[%clk 0:06:55]} 49. Qa8 {[%clk 0:01:44]} Kd6
{[%clk 0:04:23]} 50. Be4 {[%clk 0:01:20]} Bd4 {[%clk 0:01:31]} 51. Bd5
{[%clk 0:00:38]} Ke5 {[%clk 0:01:45]} 52. Bc6 {[%clk 0:01:04]} Qe6+
{[%clk 0:02:02]} 53. Kb1 {[%clk 0:00:51]} Qf5+ {[%clk 0:01:41]} 54. Ka2
{[%clk 0:01:21]} Qe6+ {[%clk 0:01:20]} 55. Kb1 {[%clk 0:01:50]} Kf5
{[%clk 0:00:58]} 56. Qb7 {[%clk 0:01:56]} Qe1+ {[%clk 0:01:17]} 57. Ka2
{[%clk 0:02:22]} Qe6+ {[%clk 0:01:10]} 58. Bd5 {[%clk 0:02:45]} Qe2
{[%clk 0:01:04]} 59. Qh7+ {[%clk 0:01:44]} Kf4 {[%clk 0:01:25]} 60. Qh6+
{[%clk 0:01:19]} Ke5 {[%clk 0:01:25]} 0-1

[Event "Ch France 2018 Féminin"]
[Site "?"]
[Date "2018.08.26"]
[Round "2.1"]
[White "Milliet, Sophie"]
[Black "Haussernot, Cecile"]
[Result "1-0"]
[BlackElo "2198"]
[WhiteElo "2389"]
[LiveChessVersion "1.4.8"]

1. e4 {[%clk 1:27:59]} e6 {[%clk 1:30:56]} 2. d4 {[%clk 1:28:25]} d5
{[%clk 1:31:22]} 3. e5 {[%clk 1:28:52]} c5 {[%clk 1:31:49]} 4. c3
{[%clk 1:29:19]} Nc6 {[%clk 1:32:12]} 5. Nf3 {[%clk 1:29:45]} Qb6
{[%clk 1:32:35]} 6. a3 {[%clk 1:30:08]} Nh6 {[%clk 1:32:40]} 7. b4
{[%clk 1:30:19]} cxd4 {[%clk 1:32:53]} 8. Bxh6 {[%clk 1:30:44]} gxh6
{[%clk 1:33:16]} 9. cxd4 {[%clk 1:31:11]} Rg8 {[%clk 1:10:49]} 10. Nc3
{[%clk 0:59:37]} a6 {[%clk 0:34:11]} 11. Na4 {[%clk 0:56:59]} Qa7
{[%clk 0:34:22]} 12. Rb1 {[%clk 0:54:16]} Rg4 {[%clk 0:33:33]} 13. Nc5
{[%clk 0:54:10]} b6 {[%clk 0:26:33]} 14. Nb3 {[%clk 0:44:26]} Bd7
{[%clk 0:22:30]} 15. h3 {[%clk 0:44:05]} Rg7 {[%clk 0:14:45]} 16. g3
{[%clk 0:43:53]} a5 {[%clk 0:15:01]} 17. b5 {[%clk 0:43:57]} Ne7 {[%clk 0:14:30]}
18. a4 {[%clk 0:44:13]} Nf5 {[%clk 0:14:41]} 19. Bd3 {[%clk 0:42:35]} Bb4+
{[%clk 0:15:04]} 20. Kf1 {[%clk 0:30:11]} Kf8 {[%clk 0:12:07]} 21. Rc1
{[%clk 0:28:36]} Kg8 {[%clk 0:11:59]} 22. Rc2 {[%clk 0:26:56]} Ba3
{[%clk 0:07:40]} 23. g4 {[%clk 0:20:52]} Ne7 {[%clk 0:07:43]} 24. Qa1
{[%clk 0:21:14]} Bb4 {[%clk 0:08:00]} 25. Qc1 {[%clk 0:21:39]} Rc8
{[%clk 0:08:04]} 26. Rxc8+ {[%clk 0:21:09]} Nxc8 {[%clk 0:08:19]} 27. Qxh6
{[%clk 0:20:15]} Qc7 {[%clk 0:08:34]} 28. Qc1 {[%clk 0:19:17]} Qd8
{[%clk 0:08:39]} 29. g5 {[%clk 0:18:18]} Ne7 {[%clk 0:08:30]} 30. Nh2
{[%clk 0:15:16]} Nf5 {[%clk 0:08:50]} 31. Ng4 {[%clk 0:15:35]} Kh8
{[%clk 0:08:27]} 32. Nf6 {[%clk 0:11:27]} Be7 {[%clk 0:08:36]} 33. h4
{[%clk 0:10:48]} Bxf6 {[%clk 0:08:32]} 34. exf6 {[%clk 0:10:10]} Rg8
{[%clk 0:08:56]} 35. Bxf5 {[%clk 0:05:35]} exf5 {[%clk 0:09:24]} 36. Nd2
{[%clk 0:02:20]} Qe8 {[%clk 0:08:15]} 37. Nf3 {[%clk 0:01:19]} Qe4
{[%clk 0:08:05]} 38. Qe3 {[%clk 0:01:44]} f4 {[%clk 0:07:44]} 39. Qxe4
{[%clk 0:02:04]} dxe4 {[%clk 0:08:13]} 40. Ne5 {[%clk 0:02:25]} Be6
{[%clk 0:08:40]} 41. Ke2 {[%clk 0:25:46]} Rd8 {[%clk 0:37:18]} 42. Rc1
{[%clk 0:22:06]} Rxd4 {[%clk 0:29:53]} 43. Nxf7+ {[%clk 0:22:05]} Kg8
{[%clk 0:30:19]} 44. Nh6+ {[%clk 0:21:31]} Kf8 {[%clk 0:30:46]} 45. h5
{[%clk 0:20:05]} Ke8 {[%clk 0:26:08]} 46. g6 hxg6 {[%clk 0:26:20]} 47. hxg6
{[%clk 0:20:06]} Rxa4 {[%clk 0:26:15]} 48. g7 {[%clk 0:16:36]} Ra2+
{[%clk 0:24:36]} 49. Ke1 {[%clk 0:07:18]} e3 {[%clk 0:22:40]} 50. fxe3
{[%clk 0:07:36]} f3 {[%clk 0:23:00]} 51. f7+ {[%clk 0:04:18]} Kd7
{[%clk 0:23:18]} 52. f8=N+ {[%clk 0:04:23]} 1-0

[Event "Ch France 2018 Féminin"]
[Site "?"]
[Date "2018.08.26"]
[Round "2.3"]
[White "Benmesbah, Natacha"]
[Black "Afraoui, Anaelle"]
[Result "1-0"]
[BlackElo "2041"]
[WhiteElo "2255"]
[LiveChessVersion "1.4.8"]

1. e4 {[%clk 1:23:54]} c5 {[%clk 1:30:52]} 2. Nf3 {[%clk 1:24:09]} Nc6
{[%clk 1:31:14]} 3. Bb5 {[%clk 1:24:28]} g6 {[%clk 1:31:38]} 4. O-O
{[%clk 1:24:53]} Bg7 {[%clk 1:32:02]} 5. Re1 {[%clk 1:25:17]} Nf6
{[%clk 1:32:18]} 6. e5 {[%clk 1:25:35]} Nd5 {[%clk 1:32:43]} 7. Nc3
{[%clk 1:26:01]} Nc7 {[%clk 1:33:05]} 8. Bxc6 {[%clk 1:26:27]} dxc6
{[%clk 1:33:25]} 9. Ne4 {[%clk 1:26:12]} Ne6 {[%clk 1:33:48]} 10. d3
{[%clk 1:26:12]} O-O {[%clk 1:34:11]} 11. Be3 {[%clk 1:26:24]} b6
{[%clk 1:34:33]} 12. Qd2 {[%clk 1:26:09]} f5 {[%clk 1:34:41]} 13. exf6
{[%clk 1:23:12]} exf6 {[%clk 1:35:03]} 14. Bh6 {[%clk 1:23:01]} a5
{[%clk 1:34:50]} 15. a4 {[%clk 1:21:20]} Ra7 {[%clk 1:32:21]} 16. Bxg7
{[%clk 1:17:58]} Kxg7 {[%clk 1:28:50]} 17. Qc3 {[%clk 1:14:58]} Nc7
{[%clk 1:15:20]} 18. h3 {[%clk 1:00:51]} Nd5 {[%clk 1:12:34]} 19. Qd2
{[%clk 1:01:15]} Re7 {[%clk 1:09:35]} 20. d4 {[%clk 0:59:00]} Rfe8
{[%clk 0:57:25]} 21. Ng3 {[%clk 0:55:53]} c4 {[%clk 0:53:55]} 22. Rxe7+
{[%clk 0:47:08]} Rxe7 {[%clk 0:52:45]} 23. Re1 {[%clk 0:47:26]} Rxe1+
{[%clk 0:45:57]} 24. Qxe1 {[%clk 0:45:22]} Qe7 {[%clk 0:39:40]} 25. Qxe7+
{[%clk 0:40:04]} Nxe7 {[%clk 0:40:01]} 26. Nd2 {[%clk 0:39:42]} b5
{[%clk 0:36:34]} 27. Nge4 {[%clk 0:39:30]} Nd5 {[%clk 0:29:30]} 28. c3
{[%clk 0:27:05]} Nf4 {[%clk 0:23:05]} 29. Nc5 {[%clk 0:20:29]} Bf5
{[%clk 0:19:11]} 30. f3 {[%clk 0:15:12]} Bc2 {[%clk 0:15:40]} 31. h4
{[%clk 0:12:48]} Kf7 {[%clk 0:13:27]} 32. Kf2 {[%clk 0:08:57]} Ne6
{[%clk 0:10:43]} 33. axb5 {[%clk 0:05:45]} Nxc5 {[%clk 0:09:02]} 34. dxc5
{[%clk 0:06:12]} cxb5 {[%clk 0:09:21]} 35. Ke3 {[%clk 0:06:38]} Ke6
{[%clk 0:08:35]} 36. Kd4 {[%clk 0:07:04]} f5 {[%clk 0:05:40]} 37. Nf1
{[%clk 0:06:59]} f4 {[%clk 0:02:36]} 38. Nd2 {[%clk 0:06:30]} h6 {[%clk 0:02:24]}
39. Nf1 {[%clk 0:03:35]} Bd3 {[%clk 0:02:16]} 40. Nd2 {[%clk 0:04:01]} Be2
{[%clk 0:01:34]} 41. Ne4 {[%clk 0:19:12]} Bf1 {[%clk 0:26:13]} 42. Nd6
{[%clk 0:18:36]} Bxg2 {[%clk 0:25:47]} 43. Ke4 {[%clk 0:19:03]} g5
{[%clk 0:20:02]} 44. Nxb5 {[%clk 0:14:54]} Bh3 {[%clk 0:11:57]} 45. Nd4+
{[%clk 0:14:04]} Kd7 {[%clk 0:11:16]} 46. Ke5 {[%clk 0:11:11]} gxh4
{[%clk 0:08:21]} 47. Kxf4 {[%clk 0:11:36]} Kc7 {[%clk 0:08:31]} 48. Ke3
{[%clk 0:11:56]} Bd7 {[%clk 0:07:04]} 49. Kf2 {[%clk 0:12:20]} h3
{[%clk 0:05:26]} 50. Kg3 {[%clk 0:12:45]} h5 {[%clk 0:05:29]} 51. f4
{[%clk 0:12:41]} h4+ {[%clk 0:04:57]} 52. Kh2 {[%clk 0:13:06]} Bg4
{[%clk 0:04:37]} 53. f5 {[%clk 0:12:29]} Kd7 {[%clk 0:04:53]} 54. c6+
{[%clk 0:10:24]} Ke7 {[%clk 0:03:37]} 55. c7 {[%clk 0:08:08]} Kd7
{[%clk 0:03:37]} 56. f6 {[%clk 0:08:34]} Bh5 {[%clk 0:01:27]} 57. Nb5
{[%clk 0:08:59]} Bg6 {[%clk 0:00:59]} 58. Kxh3 {[%clk 0:09:08]} Bf7
{[%clk 0:00:39]} 59. c8=Q+ {[%clk 0:09:20]} Kxc8 {[%clk 0:00:59]} 60. Nd6+
{[%clk 0:09:46]} Kd7 {[%clk 0:01:23]} 61. Nxf7 {[%clk 0:10:11]} Ke6
{[%clk 0:01:49]} 62. Ne5 {[%clk 0:10:36]} Kxf6 {[%clk 0:01:51]} 63. Nxc4
{[%clk 0:11:02]} a4 {[%clk 0:02:09]} 64. Nb6 {[%clk 0:11:20]} 1-0